BIBLIOTHÈQUE DE LA MAISON DU MEXIQUE

Logo 1 Logo 2

Filosofía de las formas simbólicas (notice nᵒ 12343)

détails MARC
000 -Sello discográfico
campo de control de longitud fija 01368nam a2200385 4500
005 - Identificación de versión
campo de control 20251016083224.0
035 ## - Otros números de control del sistema
Número de control del sistema 6160
099 ## - fechas locales
Tipo de ítem Koha LIBRO
100 ## - Datos de procesamiento general
Datos de procesamiento general 19930801d19711972m y1spay5003 ba
101 1# - Idioma del recurso
Idioma del texto, banda sonora, etc. Español; Castellano
Idioma de la obra original Alemán
105 ## - Campo de datos codificados: Material textual, monográfico
Datos codificados de monografía y 001zy
200 1# - Título y mención de responsabilidad
Título propio Filosofía de las formas simbólicas
Designación general del material texto impreso
Primer mención de responsabilidad Ernst Cassirer
Declaración de responsabilidad subsiguiente traducción de Armando Morones
205 ## - Declaración de edición
Declaración de edición 1a ed
210 ## - Publicación, distribución, etc.
Lugar de publicación, distribución, etc. México
Nombre del editor, distribuidor, etc. Fondo de Cultura Económica
Fecha de publicación, distribución, etc. 1971, 1972, 1976
215 ## - Descripción física
Designación de material específico y extensión del ítem 3 v
Dimensiones 21 cm
300 ## - Notas generales
Texto de la nota Traducción de : Philosophie der symbolischen Formen
327 ## - Nota de contenidos
Texto de la nota v.1: El lenguaje. v.2: El pensamiento mítico. v.3: Fenomenología del reconocimiento
345 ## - Nota de información de adquisición
Fuente de adquisición/dirección de la suscripción [OBSOLETO] Donación
410 #1 - Series
Título Sección de Obras de Filosofía
606 ## - Término temático usado como materia
Elemento de entrada Conocimiento, Teoría del
Número Koha 1394
606 ## - Término temático usado como materia
Elemento de entrada Lenguaje y lenguas
Número Koha 464
606 ## - Término temático usado como materia
Elemento de entrada Mitología
Número Koha 5110
606 ## - Término temático usado como materia
Elemento de entrada Simbolismo
Número Koha 18773
700 ## - Nombre personal - Responsabilidad primaria
Elemento de entrada Cassirer
Parte del nombre distinta del elemento de entrada Ernst
Fechas 1874-1945
Número Koha 2389
702 ## - Nombre personal - Responsabilidad secundaria
Elemento de entrada Morones
Parte del nombre distinta del elemento de entrada Armando
Número Koha 19014
801 #0 - Fuente de origen
Agencia cm
900 ## -
-- 1/9148
900 ## -
-- 710934808\\010893
942 ## - ELEMENTOS DE ENTRADA SECUNDARIOS (KOHA)
Tipo de ítem Koha Livre
996 ## -
-- MEX
-- 751145101
-- MMAG
-- 005026
-- 190 C345F V.1
-- 20210604LIV
996 ## -
-- MEX
-- 751145101
-- MMAG
-- 005027
-- 190 C345F V.2
-- 20210604LIV
996 ## -
-- MEX
-- 751145101
-- MMAG
-- 005028
-- 190 C345F V.3
-- 20210604LIV
Exemplaires
Estatus retirado Estado de daño Estado de pérdida Fecha de adquisición Biblioteca de origen Biblioteca actual Ubicación en estantería Código de barras Precio de reemplazo Signatura topográfica completa No para préstamo Tipo de ítem Koha Nota pública Nota no pública
      05/08/2025 Casa México Paris Casa México Paris   005026 05/08/2025 190 C345F V.1   Livre 20210604LIV 751145101
      05/08/2025 Casa México Paris Casa México Paris   005027 05/08/2025 190 C345F V.2   Livre 20210604LIV 751145101
      05/08/2025 Casa México Paris Casa México Paris   005028 05/08/2025 190 C345F V.3   Livre 20210604LIV 751145101